000
00233nam a2200097Ia 4500
008
170627s9999 xx 000 0 und d
100
_a
MAMORIA C-B
245
0
_a
DYNAMICS OF INDUSICS OF INDUSTRIAL RELATIONS
260
_b
HPH
260
_c
2008
546
_a
ENGLISH
999
_c
35716
_d
35716